| 000 | 00962nam a22002657a 4500 | ||
|---|---|---|---|
| 005 | 20180206160351.0 | ||
| 010 | _a1718EN-30 ENG-121890 | ||
| 020 |
_a9789332519114 _c929.00 |
||
| 035 | _aEN-105422 | ||
| 035 | _aB-684068-4088 | ||
| 037 |
_bBSB _adpl |
||
| 037 | _bDBAD/PUB | ||
| 082 | _a519.5 | ||
| 100 | _aHogg, Robert V. | ||
| 245 |
_aIntroduction to mathematical statistics / _cby Robert V. Hogg, Joeseph Mckean [and] Allen T. Craig |
||
| 250 | _a7th ed | ||
| 260 |
_c2017 _aNoida _bPearson India |
||
| 270 |
_a15th Floor,, Tower-B, World Trade, Plot No.1, Block-C, Sector-16, _bNoida _e201301 |
||
| 300 |
_c25cm(pbk) _a650p. : |
||
| 500 | _aIncludes index | ||
| 700 | _aMckean, Joeseph | ||
| 700 | _aCraig, Allen T. | ||
| 942 |
_cEN _2ddc _mHOG _h519.5 |
||
| 999 |
_c144317 _d144317 |
||